000 00410nam a2200157Ia 4500
008 240729s9999 xx 000 0 und d
022 _a2666-4690
245 0 _aJournal of Photochemistry and Photobiology
260 _aNetherlands
260 _bElsevier
650 _a Chemistry
650 _aScience
856 _uhttps://doaj.org/toc/7f13f459feb4471e8c3e1917572e13bb
942 _2ddc
942 _cDOAJEJ
999 _c69315
_d69315
945 _a1
_bMadushi Gamage
_c1
_dMadushi Gamage